Sustainist design guide : (Record no. 12232)

MARC details
000 -CABECERA
campo de control de longitud fija 00874nam a22002297a 4500
003 - IDENTIFICADOR DEL NÚMERO DE CONTROL
campo de control OSt
005 - FECHA Y HORA DE LA ÚLTIMA TRANSACCIÓN
campo de control 20260530113914.0
008 - DATOS DE LONGITUD FIJA--INFORMACIÓN GENERAL
campo de control de longitud fija 260507b2013 ne a|||| |||| 00| 0 eng d
020 ## - NÚMERO INTERNACIONAL ESTÁNDAR DEL LIBRO
Número Internacional Estándar del Libro 9789063692834 (rústica)
040 ## - FUENTE DE LA CATALOGACIÓN
Centro catalogador/agencia de origen ICI
Lengua de catalogación spa
Centro/agencia transcriptor ICI
050 4# - SIGNATURA TOPOGRÁFICA DE LA BIBLIOTECA DEL CONGRESO
Número de clasificación NA2542.36
Número de documento/Ítem S395
100 1# - ENTRADA PRINCIPAL--NOMBRE DE PERSONA
Nombre de persona Schwarz, Michiel,
Término indicativo de función/relación autor
9 (RLIN) 33868
245 10 - MENCIÓN DE TÍTULO
Título Sustainist design guide :
Resto del título how sharing, localism, connectedness and proportionality are creating a new agenda for social design /
Mención de responsabilidad, etc. Michiel Schwarz, Diana Krabbendam ; with the BEACH network
260 ## - PUBLICACIÓN, DISTRIBUCIÓN, ETC.
Lugar de publicación, distribución, etc. Amsterdam :
Nombre del editor, distribuidor, etc. BIS Publishers,
Fecha de publicación, distribución, etc. [2013]
260 ## - PUBLICACIÓN, DISTRIBUCIÓN, ETC.
Fecha de publicación, distribución, etc. ©2013
300 ## - DESCRIPCIÓN FÍSICA
Extensión 142 páginas
Otras características físicas ilustraciones a color
Dimensiones 23cm.
650 4# - PUNTO DE ACCESO ADICIONAL DE MATERIA--TÉRMINO DE MATERIA
Término de materia o nombre geográfico como elemento de entrada Arquitectura sustentable
9 (RLIN) 33869
650 4# - PUNTO DE ACCESO ADICIONAL DE MATERIA--TÉRMINO DE MATERIA
Término de materia o nombre geográfico como elemento de entrada Diseño sustentable
Subdivisión general Aspectos sociales
9 (RLIN) 33870
700 1# - PUNTO DE ACCESO ADICIONAL--NOMBRE DE PERSONA
Nombre de persona Krabbendam, Diana,
Término indicativo de función/relación autor
9 (RLIN) 33871
710 2# - PUNTO DE ACCESO ADICIONAL--NOMBRE DE ENTIDAD CORPORATIVA
Nombre de entidad corporativa o nombre de jurisdicción como elemento de entrada BEACH network
9 (RLIN) 33872
942 ## - ELEMENTOS DE PUNTO DE ACCESO ADICIONAL (KOHA)
Fuente del sistema de clasificación o colocación Library of Congress Classification
Tipo de ítem Koha
Suprimir en OPAC 0

No items available.